Ciudades más pobladas de España sin ser capitales de provincia - Estadísticas

Estadísticas generales
  • Esta prueba ha sido intentada 4.129 veces
    3.469 desde el último reinicio
  • La puntuación promedio es 13 de 29
Estadísticas de respuestas
Comunidad Autónoma Ciudad % Correcto
Galicia Vigo
87%
Asturias Gijón
81%
Madrid Getafe
76%
Cataluña Hospitalet de Llobregat
73%
Murcia Cartagena
68%
Madrid Leganés
65%
Comunidad Valenciana Elche
62%
Madrid Móstoles
61%
Andalucía Jerez de la Frontera
58%
Cataluña Badalona
57%
Madrid Alcorcón
55%
Cataluña Sabadell
51%
Madrid Alcalá de Henares
50%
Andalucía Marbella
50%
Madrid Fuenlabrada
49%
Andalucía Dos Hermanas
46%
Euskadi Baracaldo
39%
Madrid Alcobendas
36%
Cataluña Tarrasa
35%
Madrid Parla
34%
Cataluña Reus
33%
Canarias San Cristóbal de la Laguna
32%
Cataluña Mataró
30%
Andalucía Algeciras
29%
Madrid Torrejón de Ardoz
24%
Canarias Telde
22%
Cataluña Santa Coloma de Gramanet
19%
Madrid Rivas-Vaciamadrid
13%
Andalucía Roquetas de Mar
12%
No se encontraron pruebas coincidentes
Distribución de puntuación
Porcentaje de gente con cada puntuación
Porcentaje por número respondido
Historial de tus puntuaciones
No has intentado esta prueba desde el último reinicio